000 005200000a22002050004500
003 LK-CoMWRAF
005 20230902182952.0
008 230817t2004 ||||| |||| 00| 0 eng d
020 _a8172311559
040 _aLK-CoMWRAF
_dLK-CoMWRAF
_eLK-CoMWRAF
041 _aeng
082 _a823
_bFID
100 _aFidai, Rafi Ahmad
245 _aHazrat Ali Murtaza :
_bThe Third caliph of Islam
260 _aNew Delhi :
_bGoodword books
_c2002
300 _a32p
490 _aBook 04
650 _aIslam stories
942 _cBK
999 _c986
_d986